000 00345 a2200157 4500
001 48092
020 _a9788526296305
040 _cAnchieta - Aquarius
100 _aMarques, Christina
240 1 0 _aO nariz curioso
_lpor
245 1 0 _aO nariz curioso
300 _a32
362 0 _a2015
650 4 _aLiteratura infanto-juvenil
942 _cBK
999 _c48092
_d48092